[Event "GER-ch U20"]
[Site "Schierke"]
[Date "1998.??.??"]
[Round "1"]
[White "Mai, Philipp"]
[Black "Foetsch, Daniel"]
[Result "1-0"]
[WhiteElo "2240"]
[BlackElo "2165"]

1.e4 e6 2.d4 d5 3.Nc3 Nf6 4.e5 Nfd7 5.f4 c5 6.Nf3 Nc6 7.Be3 a6 8.Qd2 cxd4
9.Nxd4 Bc5 10.O-O-O O-O 11.Nf3 b5 12.Bxc5 Nxc5 13.Bd3 b4 14.Ne2 a5 15.Bxh7+ Kxh7
16.Ng5+ Kg8 17.Qe3 Ba6 18.Qh3 Re8 19.Qh7+ Kf8 20.Qh8+ Ke7 21.Qxg7 Kd7 22.Qxf7+ Re7
23.Qh5 Qc7 24.Qh3 Kd8 25.Qh8+ Kd7 26.Qh3 Kd8 27.Nxe6+ Nxe6 28.Qh8+ Re8 29.Rxd5+ Qd7
30.Qf6+ Re7 31.Rhd1 Qxd5 32.Rxd5+ Kc7 33.Rd6 Bxe2 34.Rxc6+  1-0

[Event "Staufer op 10th"]
[Site "Schwaebisch Gmuend"]
[Date "1998.??.??"]
[Round "7"]
[White "Held, Markus"]
[Black "Baeuml, Ulrich"]
[Result "1-0"]
[WhiteElo "2265"]
[BlackElo "2110"]

1.e4 e6 2.d4 d5 3.Nc3 Nf6 4.e5 Nfd7 5.f4 c5 6.Nf3 Nc6 7.Be3 b6 8.Qd2 f6 9.exf6 Nxf6
10.Bb5 Bd7 11.O-O-O Bd6 12.f5 Qc7 13.fxe6 Bxe6 14.Ne5 Bxe5 15.dxe5 Ng4 16.Nxd5 O-O-O
17.Nxc7 Rxd2 18.Rxd2  1-0

[Event "SVK-chT1W 9798"]
[Site "SVK"]
[Date "1998.??.??"]
[Round "?"]
[White "Havran, Svetozar"]
[Black "Rakay, Kvetoslav"]
[Result "1/2-1/2"]
[WhiteElo "2635"]
[BlackElo "2165"]

1.e4 e6 2.d4 d5 3.Nc3 Nf6 4.e5 Nfd7 5.f4 c5 6.Nf3 Nc6 7.Be3 Qb6 8.Na4 Qa5+
9.Nc3 a6 10.Be2 cxd4 11.Nxd4 Bb4 12.O-O O-O 13.Nb3 Qc7 14.Na4 Na5 15.Nxa5 Qxa5
16.c3 Be7 17.b4 Qc7 18.Bd4 b5 19.Nb2 Bb7 20.Rf3 f6 21.Nd3 fxe5 22.Nxe5 Nxe5
23.Bxe5 Bd6 24.Qd4 Bxe5 25.Qxe5 Qxe5 26.fxe5 Rxf3 27.gxf3 Rc8 28.Rc1 Kf7
29.Kf2 Kg6 30.Bd3+ Kh6 31.f4 Bc6 32.Ke3 Be8 33.Kd4 Bg6 34.Be2 Be8 35.Rg1 g6
36.h4 Rc7 37.Rg3 Kg7 38.Bd3 Kf8 39.Bc2 Ke7 40.Bd3 Kd8 41.a3 Kc8 42.Be2 Kb7
43.Bf1 Kb6 44.Be2 Ra7 45.Bg4 Bf7 46.Rh3 Rc7 47.Be2 Be8 48.Bd3 a5 49.Bc2 axb4
50.axb4 Ra7 51.h5 Rc7  1/2-1/2

[Event "SVK-chT1W 9899"]
[Site "SVK"]
[Date "1998.??.??"]
[Round "2"]
[White "Lipka, Juraj"]
[Black "Biro, Karol"]
[Result "1-0"]
[WhiteElo "2365"]
[BlackElo "2250"]

1.e4 e6 2.d4 d5 3.Nc3 Nf6 4.e5 Nfd7 5.f4 c5 6.Nf3 Nc6 7.Be3 cxd4 8.Nxd4 Bb4
9.a3 Be7 10.Be2 O-O 11.O-O Nxd4 12.Bxd4 f6 13.exf6 Bxf6 14.Bg4 Re8 15.Re1 Bxd4+
16.Qxd4 Nf6 17.Be2 Bd7 18.Rad1 a6 19.Bd3 Qc7 20.Re5 Rac8 21.h3 Qc5 22.Qxc5 Rxc5
23.Rde1 g6 24.g4 Rf8 25.Kh2 Kh8 26.Ne2 Ne8 27.Kg3 Ng7 28.Nd4 Rc7 29.Nf3 Bc8
30.Ng5 Rf6 31.R5e2 Bd7 32.Nf3 Rf8 33.Ne5 Rb8 34.c4 Bc6 35.c5 Ra8 36.Rc1 Kg8
37.Nf3 Rf8 38.Nd4 Rcf7 39.Rf1 Bd7 40.h4 Rc8 41.b4 a5 42.Nf3 axb4 43.axb4 Ra8
44.Ne5 Ra3 45.Rf3 Re7 46.h5 gxh5 47.Bxh7+ Kxh7 48.Rxa3 hxg4 49.Kxg4 Be8 50.Rh2+ Kg8
51.Rah3  1-0

[Event "SVK-chT 9899"]
[Site "SVK"]
[Date "1998.??.??"]
[Round "4"]
[White "Manik, Mikulas"]
[Black "Vavrak, Peter"]
[Result "1-0"]
[WhiteElo "2455"]
[BlackElo "2200"]

1.Nc3 e6 2.e4 d5 3.d4 Nf6 4.e5 Nfd7 5.f4 c5 6.Nf3 Nc6 7.Be3 cxd4 8.Nxd4 Bc5
9.Qd2 Nxd4 10.Bxd4 Bxd4 11.Qxd4 f6 12.exf6 Qxf6 13.Qb4 Qe7 14.Qxe7+ Kxe7
15.O-O-O Nf6 16.g3 Bd7 17.Bh3 Kd6 18.Rhe1 Rac8 19.Ne2 g5 20.fxg5 Ne4 21.Nf4 Nxg5
22.Nxd5 exd5 23.Bxd7 Rcf8 24.Ba4 Nf3 25.Re2 h5 26.Bb3 Rf5 27.c3 Rhf8 28.Bc2 Rg5
29.Rf2 h4 30.gxh4  1-0

[Event "SVK-chT1E 9798"]
[Site "SVK"]
[Date "1998.??.??"]
[Round "8"]
[White "Zambor, Norbert"]
[Black "Hagarova, Zuzana"]
[Result "1/2-1/2"]
[WhiteElo "2235"]
[BlackElo "2305"]

1.e4 e6 2.d4 d5 3.Nc3 Nf6 4.e5 Nfd7 5.f4 c5 6.Nf3 Nc6 7.Be3 a6 8.Qd2 b5 9.dxc5 Bxc5
10.Bxc5 Nxc5 11.Qf2 Qb6 12.Bd3 b4 13.Ne2 a5 14.O-O Ba6 15.Kh1 Bxd3 16.cxd3 Rb8
17.Rad1  1/2-1/2

[Event "SWE-ch (Women)"]
[Site "SWE"]
[Date "1998.??.??"]
[Round "5"]
[White "Ericsson, Susanne"]
[Black "Berglund, Eva"]
[Result "0-1"]
[WhiteElo "1830"]
[BlackElo "1665"]

1.e4 e6 2.d4 d5 3.Nc3 Nf6 4.e5 Nfd7 5.f4 c5 6.Nf3 Nc6 7.Be3 cxd4 8.Nxd4 Bb4
9.Nb5 O-O 10.a3 Ba5 11.Qd2 f6 12.exf6 Nxf6 13.b4 Bb6 14.Bxb6 Qxb6 15.Na4 Qd8
16.Bd3 a6 17.Nbc3 b5 18.Nc5 Qb6 19.Qf2 e5 20.fxe5 Nxe5 21.O-O Neg4 22.Nxd5 Qd6
23.Nxf6+ Rxf6 24.Qh4 Qd4+ 25.Rf2 Qxa1+ 26.Bf1 Nxf2  0-1

[Event "Tatry op"]
[Site "Tatranska Lomnica"]
[Date "1998.??.??"]
[Round "2"]
[White "Melich, Jindrich"]
[Black "Karlik, Vladimir"]
[Result "1/2-1/2"]
[WhiteElo "2140"]
[BlackElo "2305"]

1.e4 e6 2.d4 d5 3.Nc3 Nf6 4.e5 Nfd7 5.f4 c5 6.Nf3 Nc6 7.Ne2 cxd4 8.Nexd4 Bc5
9.c3 Qb6 10.Be2 O-O 11.O-O  1/2-1/2

[Event "Tatry op"]
[Site "Tatranska Lomnica"]
[Date "1998.??.??"]
[Round "5"]
[White "Seelinger, Lorenz"]
[Black "Jasny, Stanislav"]
[Result "0-1"]
[WhiteElo "2285"]
[BlackElo "2190"]

1.e4 e6 2.d4 d5 3.Nc3 Nf6 4.e5 Nfd7 5.f4 c5 6.Nf3 Nc6 7.Be3 a6 8.Qd2 b5 9.dxc5 Bxc5
10.Bxc5 Nxc5 11.Bd3 b4 12.Ne2 Qb6 13.Ng3 g6 14.h4 h5 15.O-O-O a5 16.Kb1 Ba6
17.Rhe1 a4 18.Bxa6 Rxa6 19.f5 b3 20.fxg6 bxa2+ 21.Ka1 fxg6 22.Qg5 Kd7 23.Qxg6 Rb8
24.Rxd5+ exd5 25.e6+ Kc8 26.Qg7 d4 27.Qf8+ Nd8 28.Qxc5+ Qxc5 29.e7 Qxc2  0-1

[Event "RUS-Cup07"]
[Site "Tomsk"]
[Date "1998.??.??"]
[Round "3"]
[White "Bocharov, Dmitry"]
[Black "Gleizerov, Evgeny"]
[Result "1/2-1/2"]
[WhiteElo "2245"]
[BlackElo "2535"]

1.e4 e6 2.d4 d5 3.Nc3 Nf6 4.e5 Nfd7 5.f4 c5 6.Nf3 Nc6 7.Be3 a6 8.Qd2 b5 9.dxc5 Bxc5
10.Bxc5 Nxc5 11.Qf2 Qb6 12.Bd3 b4 13.Ne2 a5 14.O-O Ba6 15.Rfd1 Na4 16.b3 Qxf2+
17.Kxf2 Nc5 18.Ned4 Nxd4 19.Nxd4 Kd7 20.a3 Rhb8 21.Ke3 h6 22.axb4 axb4 23.Bxa6 Rxa6
24.Rxa6 Nxa6 25.Ra1 Rb6 26.g4 f6 27.Nf3  1/2-1/2

[Event "Trinec op9798"]
[Site "Trinec"]
[Date "1998.??.??"]
[Round "?"]
[White "Gazik, Igor"]
[Black "Henc, Renata"]
[Result "1-0"]
[WhiteElo "2395"]
[BlackElo "2135"]

1.e4 e6 2.d4 d5 3.Nc3 Nf6 4.e5 Nfd7 5.f4 c5 6.Nf3 Nc6 7.Be3 cxd4 8.Nxd4 Qb6
9.a3 Bc5 10.Na4 Qa5+ 11.c3 Bxd4 12.Bxd4 Nxd4 13.Qxd4 b6 14.Bd3 Ba6 15.Bc2 Rc8
16.Qb4 Qxb4 17.axb4 Bb5 18.Kd2 g5 19.g3 h5 20.h4 gxf4 21.gxf4 Rg8 22.Rag1 Ke7
23.Rg5 f6 24.exf6+ Nxf6 25.b3 Rgf8 26.Nb2 Bc6 27.Re1 d4 28.c4 Ng4 29.f5 e5
30.Be4 Be8 31.Nd3 Kf6 32.Ra1 Rc7 33.Re1 Bf7 34.b5 Ne3 35.Reg1 Ng4 36.Nb4 Nf2
37.Re1 Rg8 38.Rg6+ Rxg6 39.fxg6 Nxe4+ 40.Rxe4 Kxg6 41.Rxe5 Rd7 42.Nc6 Kf6
43.Rg5 d3 44.Rg3 Rc7 45.Rf3+ Kg7 46.Ne5 Be6 47.Nxd3 Bg4 48.Rf4 Re7 49.Rf2 Bc8
50.Nf4 Re5 51.Kd3 a6 52.Kd4 Rf5 53.bxa6 Bxa6 54.Nd3 Ra5 55.b4 Ra1 56.Rf5 Rg1
57.b5 Kg6 58.Rg5+ Rxg5 59.Nf4+ Kf6 60.hxg5+  1-0

[Event "POL-ch U20 Girls"]
[Site "Trzebinia"]
[Date "1998.??.??"]
[Round "7"]
[White "Pikulska, Agnieszka"]
[Black "Zielinska, Danuta"]
[Result "1/2-1/2"]
[WhiteElo "1900"]
[BlackElo "2040"]

1.e4 e6 2.d4 d5 3.Nc3 Nf6 4.e5 Nfd7 5.f4 c5 6.Nf3 Nc6 7.Be3 cxd4 8.Bxd4 Bc5
9.Bxc5 Nxc5 10.Bb5 O-O 11.O-O Qb6 12.Kh1 f6 13.Bxc6 bxc6 14.Qd4 f5 15.Rg1 Ne4
16.h3 c5 17.Qa4 Qxb2 18.Nxe4 fxe4 19.Rab1 Qc3 20.Qc6 exf3 21.Qxa8 fxg2+ 22.Rxg2 Qxh3+
23.Kg1 Qe3+ 24.Kh1 Qh3+ 25.Kg1 Qe3+  1/2-1/2

[Event "Vienna op 13th"]
[Site "Vienna"]
[Date "1998.??.??"]
[Round "?"]
[White "Neumeier, Klaus"]
[Black "Weinzettl, Ernst"]
[Result "0-1"]
[WhiteElo "2255"]
[BlackElo "2410"]

1.e4 e6 2.d4 d5 3.Nc3 Nf6 4.e5 Nfd7 5.f4 c5 6.Nf3 Nc6 7.Be3 Qb6 8.Na4 Qa5+
9.c3 b6 10.Bd2 c4 11.b4 Nxb4 12.cxb4 Bxb4 13.Qc2 Bxd2+ 14.Nxd2 b5 15.Nc3 b4
16.Nd1 Qb6 17.Nf3 O-O 18.Be2 f6 19.Qd2 a5 20.Nf2 Ba6 21.Qe3 c3 22.Nd3 Rac8
23.O-O f5 24.g4 fxg4 25.Nh4 c2 26.Nc5 Bxe2 27.Nxd7 Qb5 28.Nc5 Bxf1 29.Rxf1 Qc4
30.f5 exf5 31.Ng2 Rxc5 32.dxc5 d4 33.Qf4 Qxc5 34.Kh1 Rc8 35.Rc1 d3 36.Qd2 Qc3  0-1

[Event "Vienna op 13th"]
[Site "Vienna"]
[Date "1998.??.??"]
[Round "?"]
[White "Wells, Peter K"]
[Black "Glek, Igor V"]
[Result "0-1"]
[WhiteElo "2530"]
[BlackElo "2565"]

1.e4 e6 2.d4 d5 3.Nc3 Nf6 4.e5 Nfd7 5.f4 c5 6.Nf3 Nc6 7.Be3 cxd4 8.Nxd4 Bc5
9.Qd2 O-O 10.O-O-O a6 11.h4 Nxd4 12.Bxd4 b5 13.Rh3 b4 14.Na4 Bxd4 15.Qxd4 a5
16.Bb5 Rb8 17.Bxd7 Bxd7 18.Nc5 Rc8 19.Rd2 Qc7 20.Nxd7 Qxd7 21.h5 Qb5 22.Rf3 a4
23.h6 Rc4 24.Qf2 Rfc8 25.f5 b3 26.fxe6 fxe6 27.axb3 axb3 28.c3  0-1

[Event "Wattens op 13th"]
[Site "Wattens"]
[Date "1998.??.??"]
[Round "1"]
[White "Enders, Peter"]
[Black "Mikulic, Oliver"]
[Result "1-0"]
[WhiteElo "2485"]
[BlackElo "1835"]

1.e4 e6 2.d4 d5 3.Nc3 Nf6 4.e5 Nfd7 5.f4 c5 6.Nf3 Nc6 7.Be3 Qa5 8.a3 cxd4
9.Nxd4 Be7 10.Be2 Nxd4 11.Bxd4 O-O 12.O-O Nb8 13.b4 Qd8 14.Bd3 g6 15.Ne2 a5
16.c3 Nc6 17.Be3 axb4 18.axb4 Bd7 19.Qc2 Qc7 20.Ra2 Rfc8 21.Rfa1 Qd8 22.Qb1 Bf8
23.g3 Ne7 24.Bf2 Qe8 25.Ra7 Rcb8 26.Qa2 Rxa7 27.Qxa7 b5 28.Nd4 Qc8 29.Qa3 h5
30.Qb2 Kg7 31.Ra5 Qe8 32.Kg2 Nc6 33.Rxb5 Rxb5 34.Nxb5 Nxb4 35.Nc7 Qb8 36.cxb4 Qxc7
37.b5 Qb7 38.Bd4 Be7 39.b6 Bc8 40.h4 Qa8 41.Qc3 Bb7 42.Kh3 Qc8 43.Qxc8 Bxc8
44.Kg2 Bb7 45.Kf2 Bb4 46.Be2 Bd2 47.f5 gxf5 48.Bxh5 Bb4 49.Be2 Be7 50.Ke3 Bb4
51.Bd3 Be1 52.Kf3 Kg6 53.Kg2 Bb4 54.g4 Be1 55.Kh3 Bd2 56.Kg3 Be1+ 57.Bf2 Bd2
58.Kf3 Bc8 59.Be3 Bb4 60.h5+ Kg7 61.gxf5 Bc3 62.f6+ Kh8 63.Bh6 Ba6 64.Bxa6 Bxe5
65.Bg7+ Kg8 66.Bd3  1-0

[Event "POL-chT2"]
[Site "Wisla"]
[Date "1998.??.??"]
[Round "?"]
[White "Betkowski, Andrzej"]
[Black "Przybylka, Damian"]
[Result "1/2-1/2"]
[WhiteElo "2180"]
[BlackElo "2120"]

1.e4 e6 2.d4 d5 3.Nc3 Nf6 4.e5 Nfd7 5.f4 c5 6.Nf3 Nc6 7.Be3 a6 8.Qd2 b5 9.dxc5 Bxc5
10.Bxc5 Nxc5 11.Qf2 Qb6 12.Bd3 b4 13.Ne2 Ne7 14.O-O a5 15.Kh1 Ba6 16.Rfd1 Na4
17.Qxb6 Nxb6 18.b3 O-O 19.Nfd4 g6 20.Kg1 Rfc8 21.a3 Bxd3 22.cxd3 Nd7 23.axb4 axb4
24.Rxa8 Rxa8 25.Rc1 Rc8 26.Rxc8+ Nxc8 27.Nc6 Nc5 28.Nc1 Kf8 29.Nxb4 Na7 30.Kf2 Nb5
31.Nc2 Ke7 32.Ke3 f6 33.Nd4 Na3 34.b4 Nd7 35.Nc6+ Kf7 36.Nb3 fxe5 37.fxe5 Nc2+
38.Kd2 Nxb4 39.Nxb4 Nxe5 40.d4 Nc4+ 41.Kd3 Kf6 42.Nc6 h5 43.Nd2 Nd6 44.Nf3 g5
45.Nfe5 g4 46.Ke3 Kf5 47.g3 Kg5 48.Ne7 Kf6 49.N7g6 Nf5+ 50.Kd3 Ng7 51.Nh4 Ne8
52.Ke3 Kg5 53.Nf7+ Kf6 54.Nd8 Nd6  1/2-1/2

[Event "Zadar op"]
[Site "Zadar"]
[Date "1998.??.??"]
[Round "2"]
[White "Zelic, Mladen"]
[Black "Zezelj, Vladislav"]
[Result "1-0"]
[WhiteElo "2365"]
[BlackElo "2150"]

1.e4 e6 2.d4 d5 3.Nc3 Nf6 4.e5 Nfd7 5.f4 c5 6.Nf3 Nc6 7.Bd3 cxd4 8.Ne2 Nc5
9.O-O Nxd3 10.Qxd3 Be7 11.a3 O-O 12.b4 a6 13.Bb2 f6 14.Nexd4 fxe5 15.fxe5 Bd7
16.c4 dxc4 17.Qxc4 Qb6 18.Kh1 Nxd4 19.Nxd4 Rxf1+ 20.Rxf1 Rf8 21.Nf5 Qd8 22.h3 Kh8
23.Nd6 Rxf1+ 24.Qxf1 Bxd6 25.exd6 Kg8 26.Qf3 Bc6 27.Qg3 Qd7 28.Kh2 Qf7 29.Qg5 h6
30.Qg4 Kh7 31.h4 Bd7 32.h5 Be8 33.Kg3 Bc6 34.Qd4 Kg8 35.Qe5 Kh7 36.Bd4 Be8
37.Bc3 Kg8 38.Kg4 Bd7 39.Kg3 Bc6 40.Qd4 Qd7 41.Kf2 Qf7+ 42.Ke3 Kh7 43.Qd3+ Kg8
44.Qg6 Qd7 45.Be5 b5 46.g4 Qa7+ 47.Kd3 Qf7 48.Qxf7+ Kxf7 49.Kd4 Bf3 50.Kc5 Ke8
51.Bxg7 Kd7 52.g5 hxg5 53.h6 Be4 54.Be5 g4 55.Kb6 Bd3 56.Kxa6 Kc6 57.Ka7 Be4
58.a4 bxa4 59.b5+ Kd7 60.b6 a3 61.b7 Bxb7 62.h7  1-0

[Event "Rilton Cup 9899"]
[Site "Stockholm"]
[Date "1999.01.06"]
[Round "9"]
[White "Barkhagen, Jonas"]
[Black "Gleizerov, Evgeny"]
[Result "1/2-1/2"]
[WhiteElo "2415"]
[BlackElo "2535"]

1.e4 e6 2.d4 d5 3.Nc3 Nf6 4.e5 Nfd7 5.f4 c5 6.Nf3 Qb6 7.Na4 Qc6 8.Nxc5 Nxc5
9.dxc5 Bxc5 10.c3 a5 11.Bd3 Qb6 12.Qb3 Nc6 13.Qxb6 Bxb6 14.Ke2 Bc5 15.Be3 b6
16.Nd4 Kd7 17.Nxc6 Kxc6 18.c4 Ba6 19.Rac1 Rhd8 20.cxd5+ Rxd5 21.Bxa6 Rxa6
22.Rhd1 Ra7 23.Rxd5 Kxd5 24.h4 Ke4 25.Rc4+ Kd5 26.Rc1 Ke4 27.Rc4+ Kd5  1/2-1/2

[Event "ISR-chT"]
[Site "Israel"]
[Date "1999.01.08"]
[Round "1"]
[White "Gruenfeld, Yehuda"]
[Black "Huzman, Alexander"]
[Result "1/2-1/2"]
[WhiteElo "2475"]
[BlackElo "2575"]

1.e4 e6 2.d4 d5 3.Nc3 Nf6 4.e5 Nfd7 5.f4 c5 6.Nf3 Nc6 7.Be3 cxd4 8.Nxd4 Bc5
9.Qd2 Nxd4 10.Bxd4 Bxd4 11.Qxd4 Qb6 12.Nb5 Qxd4 13.Nxd4 Nc5 14.g3 Bd7 15.Bg2 Ke7
16.Kd2 h5 17.h3 f5  1/2-1/2

[Event "Tapolca op"]
[Site "Budapest"]
[Date "1999.01.10"]
[Round "3"]
[White "Szalanczy, Emil"]
[Black "Jakab, Attila"]
[Result "1-0"]
[WhiteElo "2370"]
[BlackElo "2245"]

1.e4 e6 2.d4 d5 3.Nc3 Nf6 4.e5 Nfd7 5.f4 c5 6.Nf3 Nc6 7.Be3 cxd4 8.Nxd4 Bc5
9.Qd2 O-O 10.O-O-O a6 11.Kb1 Bxd4 12.Bxd4 b5 13.Qe3 b4 14.Na4 Nxd4 15.Rxd4 Qa5
16.Qb3 Rb8 17.Be2 f6 18.a3 fxe5 19.fxe5 bxa3 20.Qxa3 Qc7 21.Qe7 Qxe5 22.Bg4 Rf6
23.Qe8+ Nf8  1-0

[Event "South Wales 2nd"]
[Site "Newport"]
[Date "1999.01.12"]
[Round "2"]
[White "Baker, Chris W"]
[Black "Cobb, Charles"]
[Result "0-1"]
[WhiteElo "2390"]
[BlackElo "2275"]

1.e4 e6 2.d4 d5 3.Nc3 Nf6 4.e5 Nfd7 5.Nf3 c5 6.dxc5 Nc6 7.Bf4 Bxc5 8.Bd3 f6
9.exf6 Nxf6 10.O-O O-O 11.Ne5 Bd7 12.Qe2 Qe7 13.Rae1 Rae8 14.a3 a6 15.Kh1 Bd4
16.Qf3 Nxe5 17.Rxe5 Bxe5 18.Bxe5 Ne4 19.Qh3 Rxf2 20.Re1 Ref8 21.Bd4 e5 22.Nxd5 Qg5
23.Be3 Bxh3  0-1

[Event "Excelsior Cup"]
[Site "Goteborg"]
[Date "1999.01.13"]
[Round "7"]
[White "Barkhagen, Jonas"]
[Black "Ulibin, Mikhail"]
[Result "1/2-1/2"]
[WhiteElo "2415"]
[BlackElo "2552"]

1.d4 e6 2.e4 d5 3.Nc3 Nf6 4.e5 Nfd7 5.f4 c5 6.Nf3 a6 7.Be3 Qb6 8.Qd2 Qxb2
9.Rb1 Qa3 10.Be2 Nc6 11.O-O cxd4 12.Nxd4 Nxd4 13.Bxd4 Bc5 14.Kh1 Bxd4 15.Qxd4 Qc5
16.Qd3 O-O 17.g4 b5 18.Bf3 Bb7 19.Ne2 f6 20.exf6 Nxf6 21.Nd4 Rae8 22.Qe3 Ne4
23.Bg2 Rf7 24.a3 Ref8 25.Rbe1 Qd6 26.f5 exf5 27.Nxf5 Qe5 28.Kg1 Kh8 29.Bxe4 dxe4
30.Qd4 Qxd4+ 31.Nxd4 Kg8 32.Ne6 Rc8 33.h4 Re7 34.Nd4 Rc3 35.Nf5 Rd7 36.Rd1 Rxd1
37.Rxd1 Bc6 38.Rd8+ Kf7 39.Rc8 e3 40.Nd4 Rc4 41.Nxc6 Rxg4+ 42.Kf1 Rxh4 43.Ne5+ Kf6
44.Nf3 Ra4 45.Rc3 g5 46.Ke2 g4 47.Ne1 h5 48.Ng2 g3 49.Rxe3 h4 50.Nxh4  1/2-1/2

[Event "NRW-Liga I 9899"]
[Site "GER"]
[Date "1999.01.20"]
[Round "5"]
[White "Schoenthier, Frank"]
[Black "Haub, Thorsten Michael"]
[Result "0-1"]
[WhiteElo "2370"]
[BlackElo "2410"]

1.e4 e6 2.d4 d5 3.Nc3 Nf6 4.e5 Nfd7 5.f4 c5 6.Nf3 Nc6 7.Be3 a6 8.Qd2 b5 9.dxc5 Bxc5
10.Bxc5 Nxc5 11.O-O-O b4 12.Ne2 a5 13.Ned4 Nxd4 14.Nxd4 O-O 15.g3 Ne4 16.Qe3 Qc7
17.Bg2 a4 18.Bxe4 dxe4 19.Kb1 Bb7 20.Rc1 Qc4 21.Rhd1 Bd5 22.b3 Qa6 23.Rd2 Rfc8
24.f5 Rc3 25.Qe2 Qc8 26.Rdd1 axb3 27.cxb3 Qb8 28.fxe6 Qxe5 29.exf7+ Bxf7
30.Qb5 Rxc1+ 31.Kxc1 Qc7+ 32.Kb1 Qa7 33.Qe2 Bh5 34.Qc4+ Kh8 35.Rd2 e3 36.Rb2 Bg6+
37.Ka1 Rd8 38.Ne2 Qf7 39.Qc1 Qf3 40.Nd4 Qf6 41.Ne2 h6 42.Nf4 Be4  0-1

[Event "Geneve op"]
[Site "Geneve"]
[Date "1999.01.24"]
[Round "2"]
[White "Leib, Agripa"]
[Black "Jagstaidt, Patrick"]
[Result "1-0"]
[WhiteElo "2210"]
[BlackElo "2078"]

1.e4 e6 2.d4 d5 3.Nc3 Nf6 4.e5 Nfd7 5.f4 b6 6.Nf3 Ba6 7.Bxa6 Nxa6 8.Qe2 Qc8
9.O-O Nb4 10.a3 Qa6 11.Qf2 c5 12.Be3 Nc6 13.Ne2 cxd4 14.Nexd4 Rc8 15.c3 g6
16.Rae1 Nc5 17.Qh4 Ne4 18.Rd1 Be7 19.Qh3 Nxd4 20.Nxd4 Bc5 21.Rfe1 Bxd4 22.Bxd4 Qb5
23.Qh6 Qxb2 24.c4 Nc3 25.Bxc3 Qxc3 26.cxd5 exd5 27.Qg7 Rf8 28.Qxh7 Rc6 29.Qh4 d4
30.f5 Qxa3 31.Rxd4 Qe7 32.Qe4 Qc5 33.Rd1 gxf5 34.Qxf5 Rg8 35.h4 Rgg6 36.Kh1 Kf8
37.Rd7 Qc4 38.R7d4 Qe2 39.R1d2 Qe1+ 40.Kh2 Qg3+ 41.Kh1 Qe3 42.Rg4 Rxg4 43.Qxg4  1-0

[Event "BL2-N9899"]
[Site "Germany"]
[Date "1999.01.31"]
[Round "5.5"]
[White "Ehrke, Anja"]
[Black "Blauert, Joerg"]
[Result "0-1"]
[WhiteElo "2255"]
[BlackElo "2385"]

1.e4 e6 2.d4 d5 3.Nc3 Nf6 4.e5 Nfd7 5.f4 c5 6.Nf3 Nc6 7.Be3 cxd4 8.Nxd4 Qb6
9.Qd2 Qxb2 10.Rb1 Qa3 11.Bb5 Nxd4 12.Bxd4 Bb4 13.O-O O-O 14.Rb3 Qa5 15.Bxd7 Bxd7
16.Rfb1 Bc5 17.Rxb7 Bc6 18.R7b3 Ba4 19.f5 Bxb3 20.Rxb3 Bxd4+ 21.Qxd4 Rac8
22.f6 Qc5 23.Ne2 Qxd4+ 24.Nxd4 Rc4 25.c3 gxf6 26.exf6 Rfc8 27.Ra3 Rxc3 28.Rxa7 R3c4
29.Ne2 Rd8 30.Ra3 d4 31.Rg3+ Kh8 32.Nf4 Rc3 33.Nd3 Rd5 34.Kf1 Rh5 35.Ke2 Rc2+
36.Ke1 Rxa2 37.Rg4 Rb5  0-1

[Event "HUN-ch (Women)"]
[Site "Lillafured"]
[Date "1999.02.03"]
[Round "3"]
[White "Grabics, Monika"]
[Black "Gara, Ticia"]
[Result "1-0"]
[WhiteElo "2329"]
[BlackElo "2240"]

1.e4 e6 2.d4 d5 3.Nc3 Nf6 4.e5 Nfd7 5.f4 c5 6.Nf3 Nc6 7.Be3 a6 8.Qd2 b5 9.dxc5 Bxc5
10.Bxc5 Nxc5 11.Qf2 Qb6 12.Bd3 b4 13.Ne2 Na4 14.Qxb6 Nxb6 15.Ned4 Nxd4 16.Nxd4 Bb7
17.b3 Ke7 18.a3 a5 19.Kd2 Nd7 20.Bb5 Nc5 21.axb4 axb4 22.Bc6 Rhb8 23.Rxa8 Bxa8
24.Ra1 Bb7 25.Ra7 Kd8 26.Bxb7 Rxb7 27.Rxb7 Nxb7 28.Nc6+ Kc7 29.Nxb4 Nc5 30.Ke3 Kb6
31.Kd4 Kb5 32.Nd3 Nd7 33.f5 Nb8 34.g4 Nc6+ 35.Ke3 h6 36.h3 g5 37.fxg6 fxg6
38.Nf4 Nxe5 39.Nxe6 Kb6 40.Kf4 Nd7 41.Nd8 Kc5 42.Nf7 h5 43.Ne5 Nf8 44.gxh5 gxh5
45.Kg5 Kd4 46.Nc6+ Kc3 47.b4 Kxc2 48.b5 Kc3 49.b6 Ne6+ 50.Kxh5 Nc5 51.Kg6 Kc4
52.h4 Kb5 53.Nd4+ Kxb6 54.h5 Nd3 55.h6 Nf4+ 56.Kf5  1-0

[Event "Nova Gorica op"]
[Site "Nova Gorica"]
[Date "1999.02.05"]
[Round "9"]
[White "Armanda, Ivica"]
[Black "Jurkovic, Ante"]
[Result "1/2-1/2"]
[WhiteElo "2337"]
[BlackElo "2309"]

1.e4 e6 2.d4 d5 3.Nc3 Nf6 4.e5 Nfd7 5.f4 c5 6.Nf3 a6 7.Bd3 b5 8.f5 cxd4 9.fxe6 fxe6
10.Nxd4 Qb6 11.Qh5+ Kd8 12.Bg5+ Kc7 13.Be3 Bc5 14.Qg4 Kb7 15.Nxe6 Bxe3 16.Nxd5 Qa5+
17.b4 Qa3 18.Nxe3 Qc3+ 19.Ke2 Re8 20.Qd4 Qxd4 21.Nxd4 Ka7 22.e6 Nf6 23.a4 bxa4
24.Rxa4 Bxe6 25.Nxe6 Rxe6 26.Kd2 Ne4+ 27.Bxe4 Rxe4 28.Rha1 Kb7 29.Kd3 Re6
30.Rf1 Nc6 31.Rf7+ Re7 32.Rxe7+ Nxe7 33.c4 Rf8 34.Ra1 Nc6 35.Kc3 Re8 36.Re1 Re4
37.Nc2 Rg4 38.g3 h5 39.Rf1 Ne5 40.Rf4 Rxf4 41.gxf4 Nf3 42.Nd4 Nxh2 43.Nf5 Nf3
44.Nxg7 h4 45.Nh5 h3 46.Ng3 Kb6 47.Kd3 a5 48.bxa5+ Kxa5 49.Ke4 Nh4 50.Kd5 h2
51.Kc5 Nf5 52.Nh1 Ne3 53.Kd4 Nf5+ 54.Ke4 Ne7 55.Kf3 Kb4 56.Kg3 Kxc4 57.Kxh2 Kd4
58.Kg3 Ke4 59.Kg4 Nd5 60.f5 Ke5  1/2-1/2

[Event "Budapest FS02 IM"]
[Site "Budapest"]
[Date "1999.02.07"]
[Round "2"]
[White "Farago, Sandor"]
[Black "Jakab, Attila"]
[Result "0-1"]
[WhiteElo "2314"]
[BlackElo "2244"]

1.e4 e6 2.d4 d5 3.Nc3 Nf6 4.e5 Nfd7 5.Nce2 c5 6.c3 Nc6 7.f4 Qb6 8.Nf3 f6
9.a3 a5 10.Qa4 Rb8 11.f5 cxd4 12.cxd4 fxe5 13.fxe6 e4 14.Ng5 Nf6 15.Rb1 Be7
16.Bf4 Ra8 17.Nc3 Qxd4 18.Qxd4 Nxd4 19.Nb5 Nxb5 20.Bxb5+ Kf8 21.O-O Bc5+
22.Kh1 Ke7 23.Rbc1 Bb6 24.Bc7 Be3 25.Bf4 Bxc1 26.Rxc1 Bxe6 27.Rc7+ Bd7 28.Rxb7 h6
29.Nh3 Rhc8 30.Ng1 Rc5 31.a4 Ke6 32.Rb6+ Kf5 33.Be3 Rc7 34.Ne2 Bxb5 35.Nd4+ Kg6
36.axb5 a4 37.h3 a3 38.bxa3 Rxa3 39.Bf4 Rc4 40.Nc6 Kf5 41.Bd6 Ra1+ 42.Kh2 e3
43.Ne7+ Kg5 44.Bg3 Rcc1  0-1

[Event "Oberliga Sued W9899"]
[Site "Wuertemberg"]
[Date "1999.02.07"]
[Round "6"]
[White "Bauer, Peter"]
[Black "Hoensch, Matthias"]
[Result "1/2-1/2"]
[WhiteElo "2245"]
[BlackElo "2315"]

1.e4 e6 2.d4 d5 3.Nc3 Nf6 4.e5 Nfd7 5.f4 c5 6.Nf3 Nc6 7.Be3 a6 8.Qd2 b5 9.Be2 Qb6
10.dxc5 Bxc5 11.Bxc5 Nxc5 12.a3 Bb7 13.Nd4 Nd3+ 14.Bxd3 Qxd4 15.Qf2 Qxf2+
16.Kxf2 O-O 17.Rae1 f6 18.exf6 Rxf6 19.Kg3 Ne7 20.h4 Ng6 21.Rhf1 Raf8 22.Bxg6 Rxg6+
23.Kh3 d4 24.Ne4 e5 25.f5 Rc6 26.Rf2 Bc8 27.g4 h5 28.Ng3 hxg4+ 29.Kxg4 Re8
30.Rfe2 g6 31.Kg5 Bxf5 32.Nxf5 gxf5 33.Kxf5 e4 34.Rxe4 Rf8+ 35.Ke5 Rxc2 36.Kxd4 Rxb2
37.Rg4+ Kh7 38.Re5 Rf6 39.Re7+ Kh6 40.Rgg7 Rff2 41.Rh7+ Kg6 42.Reg7+ Kf5
43.Rg3 Rbd2+ 44.Kc3 Rd6 45.Rhg7  1/2-1/2

[Event "St Helier Tohmatsu op"]
[Site "St Helier"]
[Date "1999.02.17"]
[Round "4"]
[White "Brustkern, Juergen"]
[Black "Hanley, Craig"]
[Result "1/2-1/2"]
[WhiteElo "2298"]
[BlackElo "2110"]

1.e4 e6 2.d4 d5 3.Nc3 Nf6 4.e5 Nfd7 5.Nf3 c5 6.dxc5 Nc6 7.Bf4 Bxc5 8.Bd3 f6
9.exf6 Nxf6 10.O-O O-O 11.Ne5 Ne4 12.Bxe4 Rxf4 13.Nd3 Rh4 14.Nxc5 Rh6 15.h3 dxe4
16.Qxd8+ Nxd8 17.Rfd1 Nc6 18.Rd6 e3 19.fxe3 Rg6 20.Rad1 h6 21.a3 Kh7 22.b4 Ne5
23.Kf2 b6 24.N5e4 Nc4 25.Rd8 Nxa3 26.Nd6 Rf6+ 27.Kg1 Nxc2 28.Nce4 Rg6 29.Nxc8 Nxe3
30.R1d2 a5 31.b5 a4 32.Nc3 a3 33.g4 Nd5 34.Nxd5 exd5 35.Ra2  1/2-1/2

[Event "United Insurance 4th"]
[Site "Dhaka"]
[Date "1999.02.28"]
[Round "10"]
[White "Reefat bin Satter"]
[Black "Hossain, Enamul"]
[Result "1-0"]
[WhiteElo "2354"]
[BlackElo "2310"]

1.e4 e6 2.d4 d5 3.Nc3 Nf6 4.e5 Nfd7 5.f4 c5 6.Nf3 Nc6 7.Be3 a6 8.Qd2 b5 9.dxc5 Bxc5
10.Bxc5 Nxc5 11.Qf2 Qb6 12.Bd3 b4 13.Ne2 Nxd3+ 14.cxd3 Qxf2+ 15.Kxf2 Ke7
16.Rac1 Bd7 17.Rc5 Rhc8 18.Rhc1 f6 19.Ke3 Na7 20.Rxc8 Nxc8 21.Ned4 Na7 22.h4 Rc8
23.Rxc8 Bxc8 24.Nd2 Bd7 25.N2b3 fxe5 26.fxe5 Nc6 27.Nxc6+ Bxc6 28.g3 Ba4
29.Kd4 Bb5 30.a3 bxa3 31.bxa3 Kf7 32.Nc5 a5 33.Nb7 Kg6 34.Nxa5 Kf5 35.Nb7 Ba6
36.Nc5 Bc8 37.a4 Kg4 38.a5 Kxg3 39.Nxe6 Kxh4 40.Nxg7 Kg5 41.Kxd5  1-0

[Event "Victor Ciocaltea Memorial"]
[Site "Bucharest"]
[Date "1999.03.12"]
[Round "9"]
[White "Marjanovic, Slavoljub"]
[Black "Itkis, Boris"]
[Result "1-0"]
[WhiteElo "2451"]
[BlackElo "2462"]

1.e4 e6 2.d4 d5 3.Nc3 Nf6 4.e5 Nfd7 5.f4 c5 6.Nf3 Nc6 7.Be3 a6 8.Qd2 b5 9.Qf2 Qb6
10.Bd3 Rb8 11.O-O cxd4 12.Nxd4 Nxd4 13.Bxd4 Qxd4 14.Qxd4 Bc5 15.Ne2 f6 16.Rf2 Bxd4
17.Nxd4 fxe5 18.Nc6 Rb7 19.Nxe5 Nxe5 20.fxe5 Rf7 21.a4 Rxf2 22.Kxf2 O-O+
23.Ke3 Bd7 24.a5 Rc8 25.Ra3 b4 26.Rb3 Rc5 27.Rxb4 Rxa5 28.Rb8+ Kf7 29.Rb7 Ke8
30.Bxh7 Ra4 31.Bd3 Rh4 32.h3 a5 33.c3 g5 34.Ra7 g4 35.Rxa5 gxh3 36.gxh3 Bc6
37.Bg6+ Kd8 38.Ra7 d4+ 39.cxd4 Rxh3+ 40.Kd2 Rb3 41.Kc2 Rg3 42.Bd3 Bd5 43.Ra3 Kc7
44.Rc3+ Kb6 45.Bc4 Rg2+ 46.Kb1 Rg1+ 47.Ka2 Kc6 48.Bb3+  1-0